Candidats du Centre aux présidentielles françaises (Vème République) - Statistiques

Statistiques générales
  • Ce quiz a été pris 94 fois
  • Le résultat moyen est 3 sur 5
Statistiques - réponses
Élections Partis Candidats % Correct
2017, 2022 En Marche La République en Marche Emmanuel Macron
97%
2002, 2007, 20012 Union pour la démocratie française Mouvement Démocrate François Bayrou
84%
1974, 1981 Républicains Indépendants Union pour la démocratie française Valéry Giscard D'Estaing
75%
1969 Centre Démocrate Alain Poher
58%
1965 Mouvement Républicain Populaire Jean Lecanuet
25%
Aucun quiz correspondant
Distribution des résultats
% des personnes avec chaque résultat
Percentile par nombre de réponses
Votre historique - résultats
Vous n’avez pas pris ce quiz